000 00618nam a22002057a 4500
999 _c21298
_d21298
003 AR-CdUCM
008 190411b ||||| |||| 00| 0 spa d
020 _a9786120025420
040 _aMUNICIPALIDAD PROVINCIAL DEL CUSCO
_cBIBLIOTECA MUNICIPAL DEL CUSCO
082 _aEP/869/P78
_bP78
100 _aPortugal Quispe, Lennin Leonid
_944465
245 _aWillarinakusunchis /
260 _aCusco ;
_bAlpha,
_c2017.
300 _a92 Páginas. :
_c20 cm.
650 _aLiteratura infantil
_9588
650 _aLiteratura cusqueña
_944463
650 _aLiteratura Quechua
_97789
942 _2ddc
_cLIBROS
945 _aRoel